00469nam a2200133Ia 4500008004100000100003100041245008800072245004800160260005900208260000900267650001800276650001500294856002600309170221s9999 xx 000 0 und d aSeçil Deren Van Het Hof. aInstrumental, Strategic and Political Conception of Corporate Social Responsibility cSeçil Deren Van Het Hof , Sibel Hoştut. bOnline Journal of Communication and Media Technologies c2014 xCommunication xMedia Arts uhttp://www.ojcmt.net/